Gateway to the Great Books 5: Critical Essays

Guardado en:
Bibliografiske detaljer
Format: Bog
Sprog:Undetermined
Udgivet: Estados Unidos Encyclopedia Britanica 1963
Fag:
Tags: Tilføj Tag
Ingen Tags, Vær først til at tagge denne postø!

MARC

LEADER 00000nam a2200000Ia 4500
008 170316s9999 xx 000 0 und d
040 |a cru BVZT 
090 |a REF 
245 |a Gateway to the Great Books 5: Critical Essays 
260 |a Estados Unidos 
260 |b Encyclopedia Britanica 
260 |c 1963 
300 |a 411 páginas Vol. 5 
650 |a REFERENCIA 
650 |a ENSAYOS CRÍTICOS 
942 |c REF 
999 |c 14933  |d 14933